000 00497nam a2200145Ia 4500
003 OSt
005 20260202104828.0
008 211028s2019 xx 000 0 und d
040 _cAIMIT LIBRARY
041 _aeng
100 _aAishwarya, K M; Harinakshi.
_g1716009
_97990
245 _aStudy on the contribution of retail lending on the performance of the Bank in reference to Syndicate Bank regional office Hampankatta Mangalore /
260 _aMangalore
_bDhananjaya K
_c2019
942 _2ddc
_cPRO
999 _c219558
_d219558